000 01114nam1a22002651 4500
001 rc\2305719
005 20110829141443.6
035 _a(NLR Aleph) 006669276
090 _a4972689
_c4972689
100 _a20110829d1977 |||y0rusy50 ca
101 0 _arus
102 _aRU
105 _a c |||||
200 1 _aСистема автоматизированного нормирования одноинструментных станочных работ
_eМетод. указания
_fНИИ труда, НИИ технологии и орг. пр-ва
_gПод ред. А.С. Довбы [и др.]
210 _aМосква
_cНИИтруда
_d1977
215 _d28
606 _aРезание металлов
_xТехническое нормирование на вычислительных машинах
_2rkp
702 1 _aДовба
_bА. С.
_gАнтон Сергеевич
_4340
712 0 2 _aНИИ труда
_cМосква
_3RU\NLR\AUTH\889965033
801 0 _aRU
_bNLR
_gpsbo
801 1 _aRU
_bELAR
_2rusmarc
852 _aNLR
_j78-8/530
899 _aRuMoRGB
_jМ 78-7/25
942 _cBOOK
980 _aNB